[Event "GRE-ch Schools Gymnasia-B 30th"]
[Site "Peristeri"]
[Date "2018.04.01"]
[Round "6"]
[White "Lioumis, Petros"]
[Black "Nomikos, Giorgos"]
[Result "1/2-1/2"]
[WhiteElo "1512"]
[BlackElo "1637"]
[PlyCount "78"]
[EventDate "2018.04.01"]
[EventType "swiss (rapid)"]
[EventRounds "9"]
[EventCountry "GRE"]
[SourceTitle "EXT 2019"]
[Source "ChessBase"]
[SourceDate "2018.10.10"]
[SourceVersion "1"]
[SourceVersionDate "2018.10.10"]
[SourceQuality "1"]

1. e4 c5 2. Nc3 d6 3. Bb5+ Bd7 4. Bxd7+ Qxd7 5. f4 Nc6 6. Nf3 g6 7. 0-0 Bg7 8. d3 e6 9. Qe1 Nge7 10. Nh4 Nd4 11. Qf2 0-0 12. Kh1 a6 13. Nd1 Rac8 14. c3 Ndc6 15. f5 exf5 16. exf5 Nxf5 17. Nxf5 Qxf5 18. Qxf5 gxf5 19. Rxf5 Ne5 20. Nf2 Kh8 21. Bf4 Rce8 22. Bxe5 dxe5 23. Ne4 Rc8 24. Raf1 Rc7 25. a4 b6 26. g4 Rd7 27. R1f3 Rc7 28. h4 Kg8 29. g5 Re7 30. Kg2 Re6 31. Kf1 Re7 32. Ke2 Re6 33. h5 h6 34. gxh6 Rxh6 35. Rg3 Kh8 36. Rfg5 Rh7 37. Rf5 Rh6 38. Rgf3 Kg8 39. Rg3 Kh8 1/2-1/2

[Event "GRE-ch Schools Gymnasia-B 30th"]
[Site "Peristeri"]
[Date "2018.04.01"]
[Round "5"]
[White "Sipsis, Tsatsoulis Georgios"]
[Black "Lioumis, Petros"]
[Result "1/2-1/2"]
[WhiteElo "1497"]
[BlackElo "1512"]
[PlyCount "176"]
[EventDate "2018.04.01"]
[EventType "swiss (rapid)"]
[EventRounds "9"]
[EventCountry "GRE"]
[SourceTitle "EXT 2019"]
[Source "ChessBase"]
[SourceDate "2018.10.10"]
[SourceVersion "1"]
[SourceVersionDate "2018.10.10"]
[SourceQuality "1"]

1. d4 d6 2. c4 g6 3. Nf3 Bg7 4. Nc3 Bg4 5. h3 Bxf3 6. exf3 Nf6 7. Be3 0-0 8. Bd3 Nc6 9. a3 e5 10. d5 Nd4 11. 0-0 Re8 12. Rc1 a6 13. Bb1 Nd7 14. Ne2 Nf8 15. Nxd4 exd4 16. Bxd4 Be5 17. Bxe5 Rxe5 18. Re1 Qe7 19. Rxe5 Qxe5 20. Qd2 Re8 21. f4 Qe2 22. Qxe2 Rxe2 23. Bc2 Nd7 24. Kf1 Re7 25. Re1 Rxe1+ 26. Kxe1 Kf8 27. Ke2 Ke7 28. g4 Nc5 29. b4 Nd7 30. Ke3 Nb6 31. Kd4 h6 32. h4 Nd7 33. f3 Kf6 34. Be4 b6 35. Bc2 a5 36. Ba4 Nf8 37. Bc6 axb4 38. axb4 Ke7 39. Kc3 f6 40. g5 hxg5 41. fxg5 Nh7 42. f4 fxg5 43. fxg5 Nf8 44. Kb3 Kd8 45. Ka4 Ke7 46. Kb5 Nh7 47. Ka6 Nf8 48. Ka7 Nh7 49. Kb8 Kd8 50. Bb7 Nf8 51. Bc8 Nh7 52. Bg4 Nf8 53. Kb7 Nh7 54. Kc6 Nf8 55. Kb5 Ke7 56. Ka4 Nh7 57. Kb3 Nf8 58. Kc3 Nh7 59. Kd4 Nf8 60. Ke4 Nh7 61. Kd3 Nf8 62. Kc3 Nh7 63. Kb3 Nf8 64. Ka4 Nh7 65. Kb5 Nf8 66. Kc6 Kd8 67. Be6 Nh7 68. Kb7 Nf8 69. Bf7 Kd7 70. Bxg6 Nxg6 71. h5 Nf4 72. h6 Ng6 73. h7 Nh8 74. Ka6 Ng6 75. Kb5 Nh8 76. c5 dxc5 77. bxc5 bxc5 78. Kxc5 Ng6 79. Kd4 Ke7 80. Ke4 Kf7 81. Kf5 Ne7+ 82. Ke5 Ng6+ 83. Kd4 Kg7 84. Kc5 Ne7 85. g6 Nxg6 86. h8Q+ Kxh8 87. Kc6 Ne7+ 88. Kxc7 Nxd5+ 1/2-1/2